Zdění

Saved in:
Bibliographic Details
Main Author: Drábek, Pavel (Author)
Format: Book
Language:Czech
Published: Praha : Grada, 2000
Tags: Add Tag
No Tags, Be the first to tag this record!

MARC

LEADER 00000nam a22000003a 4500
001 stu73071
005 20150617225647.3
008 011219s2000----xr------------------cze-d
020 |a 80-247-9038-6 
040 |a STU  |b slo 
041 0 |a cze 
044 |a xr 
080 |a 693 
100 1 |a Drábek, Pavel  |4 aut 
245 1 |a Zdění 
260 |a Praha :  |b Grada,  |c 2000 
300 |a 138 s.;obr.,tab.,schémy 
996 |b 284V027353  |c V*47230/O-20781  |l VVT  |s A  |a 24  |w stu73071_0001 
996 |b 284V000401  |c V*47231/O-20781a  |l VVS  |s A  |a 24  |w stu73071_0002